<?xml version="1.0" encoding="UTF-8"?><?xml-stylesheet type="text/xsl" href="static/style.xsl"?><OAI-PMH xmlns="http://www.openarchives.org/OAI/2.0/" xmlns:xsi="http://www.w3.org/2001/XMLSchema-instance" xsi:schemaLocation="http://www.openarchives.org/OAI/2.0/ http://www.openarchives.org/OAI/2.0/OAI-PMH.xsd"><responseDate>2026-04-14T04:50:46Z</responseDate><request verb="GetRecord" identifier="oai:www.recercat.cat:2072/279397" metadataPrefix="marc">https://recercat.cat/oai/request</request><GetRecord><record><header><identifier>oai:recercat.cat:2072/279397</identifier><datestamp>2024-12-13T10:16:00Z</datestamp><setSpec>com_2072_96856</setSpec><setSpec>com_2072_96855</setSpec><setSpec>com_2072_96852</setSpec><setSpec>com_2072_2015</setSpec><setSpec>col_2072_96857</setSpec></header><metadata><record xmlns="http://www.loc.gov/MARC21/slim" xmlns:dcterms="http://purl.org/dc/terms/" xmlns:xsi="http://www.w3.org/2001/XMLSchema-instance" xmlns:doc="http://www.lyncode.com/xoai" xsi:schemaLocation="http://www.loc.gov/MARC21/slim http://www.loc.gov/standards/marcxml/schema/MARC21slim.xsd">
   <leader>00925njm 22002777a 4500</leader>
   <datafield ind2=" " ind1=" " tag="042">
      <subfield code="a">dc</subfield>
   </datafield>
   <datafield ind2=" " ind1=" " tag="720">
      <subfield code="a">Mendieta Colmenero, Javier</subfield>
      <subfield code="e">author</subfield>
   </datafield>
   <datafield ind2=" " ind1=" " tag="520">
      <subfield code="a">Treball de Fi de Grau en Criminologia i Polítiques Públiques de Prevenció. Curs 2012-2013</subfield>
   </datafield>
   <datafield ind2=" " ind1=" " tag="520">
      <subfield code="a">Tutora: Elena Larrauri Pijoan</subfield>
   </datafield>
   <datafield ind2=" " ind1=" " tag="520">
      <subfield code="a">Este trabajo consiste en un proyecto de investigación en el cual se intenta demostrar la hipótesis: "las condenas largas producen un mayor efecto de prisionización en los internos que las condenas cortas". Para ello he relacionado el efecto de prisionización con el protocolo de evaluación de riesgo de conductas violentas: Riscanvi./nEn primer lugar, se expondrán los motivos que han determinado el estudio centrándonos en aspectos que ponen en duda la utilidad de las condenas largas, así como, su posible inconstitucionalidad y las consecuencias psicológicas y sociales que acarrean./nPosteriormente, se definirán el efecto de prisionización y el funcionamiento del Riscanvi. Y, para finalizar, se llevará a cabo la investigación en la cual escogemos como variable independiente el tiempo ininterrumpido de estancia en prisión ya que, "las condenas largas", son la base de la característica que analizaremos en el estudio para explicar el fenómeno de "un mayor efecto de prisionización en los internos" que mediremos mediante una serie de aspectos (variables dependientes) que podemos considerar de utilidad para extraer una conclusión en función de los resultados, que puedan mostrar más claramente el efecto de prisionización y determinen la relación con la variable independiente con tal de confirmar o desmentir la veracidad de la hipótesis.</subfield>
   </datafield>
   <datafield ind1="8" ind2=" " tag="024">
      <subfield code="a">http://hdl.handle.net/10230/20983</subfield>
   </datafield>
   <datafield tag="653" ind2=" " ind1=" ">
      <subfield code="a">Treball de fi de grau – Curs 2012-2013</subfield>
   </datafield>
   <datafield ind2="0" ind1="0" tag="245">
      <subfield code="a">El Efecto de las condenas largas en prisión en Cataluña : Prisonización y Riscanvi</subfield>
   </datafield>
</record></metadata></record></GetRecord></OAI-PMH>